[Event "Turkish Cup 2022"]
[Site "Sakarya"]
[Date "2022.03.25"]
[Round "1.22"]
[White "Kul, Ozdemir Efe"]
[Black "Pazarcioglu, Ilker"]
[Result "1-0"]
[WhiteElo "2042"]
[BlackElo "1415"]
[Annotator "NA"]
[PlyCount "83"]
[EventDate "2022.03.25"]
[EventType "swiss"]
[EventCountry "TUR"]
[SourceTitle "playchess.com"]
[Source "ChessBase"]
[SourceQuality "1"]
[TimeControl "5400+30"]

1. g3 {[%emt 0:01:00]} Nf6 {[%emt 0:01:00]} 2. Bg2 {[%emt 0:00:30]} g6 {[%emt 0:00:30]} 3. c4 {[%emt 0:01:30]} Bg7 {[%emt 0:00:00]} 4. Nc3 {[%emt 0:00:30]} O-O {[%emt 0:00:00]} 5. e4 {[%emt 0:00:30]} d6 {[%emt 0:00:30]} 6. Nge2 {[%emt 0:00:30]} c5 {[%emt 0:00:30]} 7. O-O {[%emt 0:00:30]} Nc6 {[%emt 0:00:30]} 8. h3 {[%emt 0:00:30]} a6 {[%emt 0:02:30]} 9. d3 {[%emt 0:02:30]} Rb8 {[%emt 0:00:30]} 10. Be3 {[%emt 0:03:30]} Bd7 {[%emt 0:05:30]} 11. Qd2 {[%emt 0:01:30]} Ne8 {[%emt 0:05:30]} 12. Kh2 {[%emt 0:10:30]} b5 {[%emt 0:02:30]} 13. cxb5 {[%emt 0:03:30]} axb5 {[%emt 0:00:30]} 14. d4 {[%emt 0:00:30]} b4 {[%emt 0:07:30]} 15. Nd1 {[%emt 0:03:30]} cxd4 {[%emt 0:06:30]} 16. Nxd4 {[%emt 0:00:30]} Nc7 {[%emt 0:05:30]} 17. Rc1 {[%emt 0:02:30]} Nxd4 {[%emt 0:02:30]} 18. Bxd4 {[%emt 0:00:30]} Bxd4 {[%emt 0:01:30]} 19. Qxd4 {[%emt 0:00:30]} Ne6 {[%emt 0:00:30]} 20. Qd2 {[%emt 0:02:30]} Bb5 {[%emt 0:02:30]} 21. Rh1 {[%emt 0:08:30]} Nc5 {[%emt 0:02:30]} 22. Ne3 {[%emt 0:06:30]} Bc6 {[%emt 0:04:30]} 23. Rc4 {[%emt 0:07:30]} Qb6 {[%emt 0:12:30]} 24. Nd5 {[%emt 0:01:30]} Bxd5 {[%emt 0:01:30]} 25. exd5 {[%emt 0:00:30]} Rb7 {[%emt 0:01:30]} 26. Re1 {[%emt 0:03:30]} Ra8 {[%emt 0:00:30]} 27. Qh6 {[%emt 0:01:30]} Nd7 {[%emt 0:03:30]} 28. Rxe7 {[%emt 0:04:30]} Nf8 {[%emt 0:05:30]} 29. Rc6 {[%emt 0:03:30]} Qxc6 {[%emt 0:05:30]} 30. dxc6 {[%emt 0:00:30]} Rxe7 {[%emt 0:00:00]} 31. Qd2 {[%emt 0:01:30]} Rxa2 {[%emt 0:05:09]} 32. Qxd6 {[%emt 0:03:30]} Raa7 {[%emt 0:02:08]} 33. Qxb4 {[%emt 0:00:30]} Ne6 {[%emt 0:01:09]} 34. Qb8+ {[%emt 0:03:30]} Kg7 {[%emt 0:00:39]} 35. b4 {[%emt 0:00:30]} Ra2 {[%emt 0:04:23]} 36. b5 {[%emt 0:05:04]} Nc7 {[%emt 0:05:17]} 37. Qd8 {[%emt 0:04:03]} Ree2 {[%emt 0:02:41]} 38. Qxc7 {[%emt 0:01:09]} Rxf2 {[%emt 0:00:30]} 39. Qe5+ {[%emt 0:00:00]} Kg8 {[%emt 0:00:46]} 40. Qd5 {[%emt 0:00:10]} Kf8 {[%emt 0:01:17]} 41. c7 {[%emt 0:00:45]} Rac2 {[%emt 0:00:56]} 42. b6 {[%emt 0:02:43]} 1-0

[Event "Turkish Cup 2022"]
[Site "Sakarya"]
[Date "2022.03.25"]
[Round "1.23"]
[White "Karaseki, Ibrahim Erol"]
[Black "Tarhan, Adar"]
[Result "0-1"]
[WhiteElo "1412"]
[BlackElo "2125"]
[Annotator "NA"]
[PlyCount "64"]
[EventDate "2022.03.25"]
[EventType "swiss"]
[EventCountry "TUR"]
[SourceTitle "playchess.com"]
[Source "ChessBase"]
[SourceQuality "1"]
[TimeControl "5400+30"]

1. d4 {[%emt 0:01:00]} d5 {[%emt 0:01:00]} 2. Nf3 {[%emt 0:00:00]} Nf6 {[%emt 0:00:30]} 3. g3 {[%emt 0:00:00]} c6 {[%emt 0:00:30]} 4. Bg2 {[%emt 0:00:30]} Bf5 {[%emt 0:00:30]} 5. O-O {[%emt 0:00:00]} e6 {[%emt 0:00:30]} 6. c4 {[%emt 0:00:00]} Be7 {[%emt 0:00:30]} 7. Nc3 {[%emt 0:01:30]} Nbd7 {[%emt 0:02:30]} 8. Ne5 {[%emt 0:04:30]} O-O {[%emt 0:03:30]} 9. Bf4 {[%emt 0:05:30]} h6 {[%emt 0:04:30]} 10. cxd5 {[%emt 0:04:30]} exd5 {[%emt 0:00:30]} 11. h3 {[%emt 0:03:30]} g5 {[%emt 0:05:30]} 12. g4 {[%emt 0:07:30]} gxf4 {[%emt 0:01:30]} 13. gxf5 {[%emt 0:00:30]} Bd6 {[%emt 0:00:30]} 14. Nxd7 {[%emt 0:08:30]} Qxd7 {[%emt 0:00:30]} 15. Qd3 {[%emt 0:00:30]} Kh8 {[%emt 0:01:30]} 16. e4 {[%emt 0:08:30]} dxe4 {[%emt 0:01:30]} 17. Nxe4 {[%emt 0:02:30]} Qxf5 {[%emt 0:02:30]} 18. Rad1 {[%emt 0:01:30]} Nxe4 {[%emt 0:06:30]} 19. Qxe4 {[%emt 0:00:30]} Qf6 {[%emt 0:01:30]} 20. b3 {[%emt 0:04:30]} Rg8 {[%emt 0:04:30]} 21. Kh1 {[%emt 0:01:30]} Rae8 {[%emt 0:03:30]} 22. Qf3 {[%emt 0:00:30]} Rg5 {[%emt 0:03:30]} 23. Rg1 $17 {[%emt 0:04:30]} Reg8 {[%emt 0:01:30]} 24. Rd2 {[%emt 0:04:30]} Rd5 {[%emt 0:08:30]} 25. Qd3 {[%emt 0:02:30]} f3 {[%emt 0:01:30]} 26. Bxf3 {[%emt 0:10:30]} Rdg5 {[%emt 0:01:30]} 27. Rxg5 {[%emt 0:04:30]} Qxg5 {[%emt 0:00:00]} 28. Bg4 {[%emt 0:03:45]} h5 {[%emt 0:00:00]} 29. f4 {[%emt 0:01:39]} Bxf4 {[%emt 0:00:30]} 30. Rg2 {[%emt 0:01:02]} hxg4 {[%emt 0:00:30]} 31. Rxg4 {[%emt 0:00:00]} Qd5+ {[%emt 0:00:30]} 32. Kg1 {[%emt 0:00:15]} Be5 {[%emt 0:00:30]} 0-1

[Event "Turkish Cup 2022"]
[Site "Sakarya"]
[Date "2022.03.25"]
[Round "1.24"]
[White "Isilak, Enes"]
[Black "Pehlivan, Mete"]
[Result "1-0"]
[WhiteElo "2125"]
[BlackElo "1317"]
[Annotator "NA"]
[PlyCount "103"]
[EventDate "2022.03.25"]
[EventType "swiss"]
[EventCountry "TUR"]
[SourceTitle "playchess.com"]
[Source "ChessBase"]
[SourceQuality "1"]
[TimeControl "5400+30"]

1. d4 {[%emt 0:01:00]} Nf6 {[%emt 0:01:00]} 2. c4 {[%emt 0:00:30]} g6 {[%emt 0:00:30]} 3. g3 {[%emt 0:00:00]} Bg7 {[%emt 0:00:00]} 4. Bg2 {[%emt 0:00:00]} O-O {[%emt 0:00:00]} 5. Nc3 {[%emt 0:00:00]} c6 {[%emt 0:01:30]} 6. e4 {[%emt 0:01:00]} d6 {[%emt 0:01:30]} 7. Nf3 {[%emt 0:01:30]} a6 {[%emt 0:01:30]} 8. O-O {[%emt 0:15:30]} Nbd7 {[%emt 0:01:30]} 9. h3 {[%emt 0:10:30]} e5 {[%emt 0:00:30]} 10. Be3 {[%emt 0:07:30]} exd4 {[%emt 0:03:30]} 11. Nxd4 {[%emt 0:01:30]} Ne5 {[%emt 0:00:30]} 12. b3 {[%emt 0:02:30]} c5 {[%emt 0:01:30]} 13. Nde2 {[%emt 0:00:30]} Re8 {[%emt 0:10:30]} 14. f4 {[%emt 0:04:30]} Nc6 {[%emt 0:02:30]} 15. Qd2 {[%emt 0:01:30]} Qa5 {[%emt 0:14:30]} 16. Rac1 {[%emt 0:15:30]} Rd8 {[%emt 0:03:30]} 17. Kh2 {[%emt 0:05:30]} b5 {[%emt 0:02:30]} 18. Qe1 {[%emt 0:05:30]} Bb7 {[%emt 0:03:30]} 19. e5 {[%emt 0:09:49]} dxe5 {[%emt 0:02:30]} 20. fxe5 {[%emt 0:10:07]} Nxe5 {[%emt 0:02:30]} 21. Bxb7 {[%emt 0:01:29]} Nd3 {[%emt 0:01:30]} 22. Qd2 {[%emt 0:00:20]} Rab8 {[%emt 0:03:30]} 23. Nd5 Qxd2 24. Bxd2 {[%emt 0:04:02]} Nxc1 {[%emt 0:07:00]} 25. Bxc1 {[%emt 0:01:00]} Rxb7 {[%emt 0:00:30]} 26. Nxf6+ {[%emt 0:01:06]} Bxf6 {[%emt 0:08:30]} 27. Rxf6 {[%emt 0:00:30]} Rd1 {[%emt 0:00:30]} 28. Kg2 {[%emt 0:00:30]} bxc4 {[%emt 0:00:30]} 29. Rxa6 {[%emt 0:00:30]} cxb3 {[%emt 0:00:30]} 30. Bh6 {[%emt 0:00:30]} Rd8 {[%emt 0:00:30]} 31. axb3 {[%emt 0:00:30]} Rxb3 {[%emt 0:00:30]} 32. Rc6 {[%emt 0:00:30]} Rb2 {[%emt 0:00:30]} 33. Kf3 {[%emt 0:00:30]} Re8 {[%emt 0:00:30]} 34. Nf4 {[%emt 0:00:30]} Rb3+ {[%emt 0:00:30]} 35. Kg4 {[%emt 0:00:30]} Rc3 {[%emt 0:00:30]} 36. Rc7 {[%emt 0:00:52]} Rd8 {[%emt 0:02:30]} 37. Bg5 {[%emt 0:00:30]} h5+ {[%emt 0:01:30]} 38. Kh4 {[%emt 0:00:05]} Rd6 {[%emt 0:02:30]} 39. Be7 {[%emt 0:00:10]} Ra6 {[%emt 0:04:44]} 40. Nd5 {[%emt 0:00:42]} Rd3 {[%emt 0:02:50]} 41. Bf6 {[%emt 0:01:07]} Kh7 {[%emt 0:04:08]} 42. Rc8 {[%emt 0:00:31]} Rxf6 {[%emt 0:00:38]} 43. Nxf6+ {[%emt 0:00:02]} Kh6 {[%emt 0:00:38]} 44. Ng8+ {[%emt 0:00:30]} Kg7 {[%emt 0:00:19]} 45. Ne7 {[%emt 0:00:16]} Re3 {[%emt 0:01:43]} 46. Nd5 {[%emt 0:00:25]} Rd3 {[%emt 0:03:13]} 47. Ne7 {[%emt 0:00:51]} Re3 {[%emt 0:00:40]} 48. Re8 {[%emt 0:00:51]} Re5 {[%emt 0:02:19]} 49. g4 {[%emt 0:00:26]} hxg4 {[%emt 0:03:22]} 50. hxg4 {[%emt 0:00:21]} Kh7 {[%emt 0:00:50]} 51. g5 {[%emt 0:00:44]} c4 {[%emt 0:02:41]} 52. Kg4 {[%emt 0:00:03]} 1-0

[Event "Turkish Cup 2022"]
[Site "Sakarya"]
[Date "2022.03.25"]
[Round "1.25"]
[White "Incecinar, Abdullah Mete"]
[Black "Caputcuoglu, Zeki Berke"]
[Result "0-1"]
[WhiteElo "1248"]
[BlackElo "2095"]
[Annotator "NA"]
[PlyCount "66"]
[EventDate "2022.03.25"]
[EventType "swiss"]
[EventCountry "TUR"]
[SourceTitle "playchess.com"]
[Source "ChessBase"]
[SourceQuality "1"]
[TimeControl "5400+30"]

1. e4 {[%emt 0:01:00]} e5 {[%emt 0:01:00]} 2. Nf3 {[%emt 0:00:00]} Nc6 {[%emt 0:00:30]} 3. Bb5 {[%emt 0:00:00]} a6 {[%emt 0:00:30]} 4. Ba4 {[%emt 0:01:30]} Nf6 {[%emt 0:00:30]} 5. O-O {[%emt 0:01:30]} Be7 {[%emt 0:00:30]} 6. Re1 {[%emt 0:00:30]} b5 {[%emt 0:00:30]} 7. Bb3 {[%emt 0:00:30]} O-O {[%emt 0:00:30]} 8. a4 {[%emt 0:04:30]} b4 {[%emt 0:03:30]} 9. d4 {[%emt 0:36:30]} d6 {[%emt 0:00:30]} 10. d5 {[%emt 0:10:30]} Na5 {[%emt 0:00:30]} 11. Ba2 {[%emt 0:07:30]} Rb8 {[%emt 0:08:30]} 12. Bd2 {[%emt 0:07:30]} Bg4 {[%emt 0:11:30]} 13. h3 {[%emt 0:01:30]} Bh5 {[%emt 0:00:30]} 14. b3 {[%emt 0:04:30]} c6 {[%emt 0:01:30]} 15. dxc6 $19 {[%emt 0:01:30]} Nxc6 {[%emt 0:00:30]} 16. c3 {[%emt 0:00:58]} Bg6 {[%emt 0:04:30]} 17. cxb4 {[%emt 0:03:34]} Nxe4 {[%emt 0:00:30]} 18. Nc3 {[%emt 0:05:27]} Nxd2 {[%emt 0:04:30]} 19. Qxd2 {[%emt 0:00:39]} Nxb4 {[%emt 0:01:30]} 20. Bb1 {[%emt 0:04:20]} Qb6 {[%emt 0:03:30]} 21. Bxg6 {[%emt 0:00:46]} hxg6 {[%emt 0:00:30]} 22. Rab1 {[%emt 0:01:54]} Qb7 {[%emt 0:02:30]} 23. Rbd1 {[%emt 0:01:13]} Rfc8 {[%emt 0:01:30]} 24. Rc1 {[%emt 0:02:13]} Rc5 {[%emt 0:02:30]} 25. Ne2 {[%emt 0:01:38]} e4 {[%emt 0:01:30]} 26. Rxc5 {[%emt 0:00:29]} dxc5 {[%emt 0:00:30]} 27. Ne5 {[%emt 0:00:44]} Rd8 {[%emt 0:01:30]} 28. Qc1 {[%emt 0:00:43]} Nd3 {[%emt 0:00:30]} 29. Nxd3 {[%emt 0:00:31]} exd3 {[%emt 0:00:30]} 30. Qe3 {[%emt 0:00:33]} dxe2 {[%emt 0:00:30]} 31. Qxe2 {[%emt 0:00:00]} Bf6 {[%emt 0:00:00]} 32. Qc2 {[%emt 0:00:19]} Qb4 {[%emt 0:00:00]} 33. Rc1 {[%emt 0:00:18]} Rd2 {[%emt 0:00:30]} 0-1

[Event "Turkish Cup 2022"]
[Site "Sakarya"]
[Date "2022.03.25"]
[Round "1.26"]
[White "Gulden, Egemen"]
[Black "Toklu, Ahmet Kayra"]
[Result "1-0"]
[WhiteElo "2094"]
[BlackElo "1131"]
[Annotator "NA"]
[PlyCount "105"]
[EventDate "2022.03.25"]
[EventType "swiss"]
[EventCountry "TUR"]
[SourceTitle "playchess.com"]
[Source "ChessBase"]
[SourceQuality "1"]
[TimeControl "5400+30"]

1. e4 {[%emt 0:02:00]} e5 {[%emt 0:01:00]} 2. Nf3 {[%emt 0:03:30]} Nc6 {[%emt 0:00:30]} 3. Bb5 {[%emt 0:00:00]} Nf6 {[%emt 0:00:30]} 4. O-O {[%emt 0:00:00]} Nxe4 {[%emt 0:01:30]} 5. Qe2 {[%emt 0:05:30]} Nd6 {[%emt 0:01:30]} 6. Bxc6 {[%emt 0:04:30]} bxc6 {[%emt 0:02:30]} 7. Qxe5+ {[%emt 0:00:30]} Qe7 {[%emt 0:01:30]} 8. Qf4 {[%emt 0:04:30]} Qd8 {[%emt 0:05:30]} 9. Re1+ {[%emt 0:06:30]} Be7 {[%emt 0:01:30]} 10. Qe5 {[%emt 0:00:30]} f6 {[%emt 0:03:30]} 11. Qe2 {[%emt 0:01:30]} c5 {[%emt 0:12:30]} 12. d3 {[%emt 0:07:30]} Bb7 {[%emt 0:01:30]} 13. Be3 {[%emt 0:01:30]} Bxf3 {[%emt 0:06:30]} 14. Qxf3 {[%emt 0:01:30]} c4 {[%emt 0:01:30]} 15. Qg4 {[%emt 0:01:30]} O-O {[%emt 0:03:30]} 16. dxc4 {[%emt 0:00:00]} f5 {[%emt 0:01:30]} 17. Qf3 {[%emt 0:06:00]} Kh8 {[%emt 0:04:30]} 18. Nd2 {[%emt 0:02:30]} Bf6 $18 {[%emt 0:01:30]} 19. c3 {[%emt 0:01:30]} Rb8 {[%emt 0:04:30]} 20. Rab1 {[%emt 0:01:30]} Bg5 {[%emt 0:03:30]} 21. c5 {[%emt 0:06:30]} f4 {[%emt 0:04:30]} 22. Bd4 {[%emt 0:01:30]} Nf5 {[%emt 0:01:30]} 23. Qd5 {[%emt 0:06:30]} c6 {[%emt 0:03:30]} 24. Qe4 {[%emt 0:01:30]} Nxd4 {[%emt 0:02:30]} 25. Qxd4 {[%emt 0:01:30]} Bf6 {[%emt 0:01:30]} 26. Qc4 {[%emt 0:01:30]} d5 {[%emt 0:02:30]} 27. cxd6 {[%emt 0:07:30]} Qxd6 {[%emt 0:00:30]} 28. Nf3 {[%emt 0:05:30]} g5 {[%emt 0:02:30]} 29. h3 {[%emt 0:01:07]} h5 {[%emt 0:00:30]} 30. Rbd1 {[%emt 0:03:55]} Qc7 {[%emt 0:00:30]} 31. Qc5 {[%emt 0:00:38]} Rg8 {[%emt 0:01:30]} 32. Qf5 {[%emt 0:00:31]} Qg7 {[%emt 0:02:30]} 33. Re6 {[%emt 0:02:53]} Rbf8 {[%emt 0:01:30]} 34. Rdd6 {[%emt 0:00:14]} g4 {[%emt 0:01:30]} 35. Rxf6 {[%emt 0:00:07]} Rxf6 {[%emt 0:00:30]} 36. Rxf6 {[%emt 0:00:04]} gxf3 {[%emt 0:00:30]} 37. Qxh5+ {[%emt 0:00:30]} Qh7 {[%emt 0:00:30]} 38. Rh6 {[%emt 0:00:49]} Rxg2+ {[%emt 0:00:00]} 39. Kh1 {[%emt 0:00:13]} Qxh6 {[%emt 0:00:00]} 40. Qxh6+ {[%emt 0:00:30]} Kg8 {[%emt 0:00:30]} 41. Qxf4 {[%emt 0:00:00]} Rxf2 {[%emt 0:00:30]} 42. Qg3+ {[%emt 0:00:00]} Kh7 {[%emt 0:00:30]} 43. Qxf2 {[%emt 0:00:19]} c5 {[%emt 0:00:00]} 44. Qxf3 {[%emt 0:00:00]} c4 {[%emt 0:00:00]} 45. Qg4 {[%emt 0:00:17]} a5 {[%emt 0:00:00]} 46. b3 {[%emt 0:00:00]} cxb3 {[%emt 0:00:00]} 47. axb3 {[%emt 0:00:00]} a4 {[%emt 0:00:30]} 48. bxa4 {[%emt 0:00:23]} Kh6 {[%emt 0:00:30]} 49. a5 {[%emt 0:00:00]} Kh7 {[%emt 0:00:00]} 50. a6 {[%emt 0:00:00]} Kh6 {[%emt 0:00:00]} 51. a7 {[%emt 0:00:19]} Kh7 {[%emt 0:00:00]} 52. a8=Q {[%emt 0:00:00]} Kh6 {[%emt 0:00:00]} 53. Qh8# {[%emt 0:00:00]} 1-0

[Event "Turkish Cup 2022"]
[Site "Sakarya"]
[Date "2022.03.25"]
[Round "1.28"]
[White "Korkmaz, Necmettin"]
[Black "Cibik, Bulent"]
[Result "1-0"]
[WhiteElo "2076"]
[BlackElo "1473"]
[Annotator "NA"]
[PlyCount "61"]
[EventDate "2022.03.25"]
[EventType "swiss"]
[EventCountry "TUR"]
[SourceTitle "playchess.com"]
[Source "ChessBase"]
[SourceQuality "1"]
[TimeControl "5400+30"]

1. e4 {[%emt 0:01:00]} c6 {[%emt 0:01:00]} 2. d4 {[%emt 0:00:30]} d5 {[%emt 0:00:30]} 3. e5 {[%emt 0:01:30]} Bf5 {[%emt 0:01:30]} 4. h4 {[%emt 0:00:30]} h6 {[%emt 0:02:30]} 5. g4 {[%emt 0:05:30]} Bh7 {[%emt 0:03:30]} 6. e6 {[%emt 0:01:30]} fxe6 {[%emt 0:02:30]} 7. Bd3 {[%emt 0:00:30]} Be4 {[%emt 0:20:30]} 8. f3 {[%emt 0:11:30]} Bxd3 {[%emt 0:02:30]} 9. Qxd3 {[%emt 0:00:00]} Qd6 {[%emt 0:00:30]} 10. f4 {[%emt 0:03:00]} Na6 {[%emt 0:01:30]} 11. Qg6+ {[%emt 0:04:30]} Kd7 {[%emt 0:02:30]} 12. Nf3 {[%emt 0:03:30]} e5 {[%emt 0:04:30]} 13. Nxe5+ {[%emt 0:01:30]} Kc7 {[%emt 0:00:30]} 14. Qd3 {[%emt 0:17:30]} Qb4+ {[%emt 0:04:30]} 15. Nc3 {[%emt 0:03:30]} Nf6 {[%emt 0:03:30]} 16. Bd2 {[%emt 0:03:30]} Qb6 {[%emt 0:03:30]} 17. O-O-O {[%emt 0:04:30]} e6 {[%emt 0:00:30]} 18. g5 {[%emt 0:03:30]} Ne4 {[%emt 0:06:30]} 19. Nxe4 {[%emt 0:00:30]} dxe4 {[%emt 0:00:30]} 20. Qxe4 {[%emt 0:00:30]} Re8 {[%emt 0:03:30]} 21. Ng6 {[%emt 0:06:30]} Rg8 {[%emt 0:02:30]} 22. Nxf8 {[%emt 0:01:30]} Rgxf8 {[%emt 0:01:30]} 23. Qe5+ {[%emt 0:00:30]} Kc8 {[%emt 0:01:30]} 24. Qxg7 {[%emt 0:01:30]} h5 {[%emt 0:01:30]} 25. Rhe1 {[%emt 0:01:30]} Nc7 {[%emt 0:00:30]} 26. Re5 {[%emt 0:03:45]} Qxd4 {[%emt 0:05:30]} 27. Be3 {[%emt 0:08:19]} Qa4 {[%emt 0:00:30]} 28. Rd7 {[%emt 0:01:01]} Nd5 {[%emt 0:02:30]} 29. Rxb7 {[%emt 0:00:45]} c5 {[%emt 0:02:34]} 30. Rxd5 {[%emt 0:00:25]} Qc6 {[%emt 0:02:45]} 31. Rxc5 {[%emt 0:01:12]} 1-0

[Event "Turkish Cup 2022"]
[Site "Sakarya"]
[Date "2022.03.25"]
[Round "1.29"]
[White "Seker, Kutsal"]
[Black "Baltaci, Ismail Tarik"]
[Result "0-1"]
[WhiteElo "1339"]
[BlackElo "2033"]
[Annotator "ChessBase"]
[PlyCount "52"]
[EventDate "2022.03.25"]
[EventType "swiss"]
[EventCountry "TUR"]
[SourceTitle "playchess.com"]
[Source "ChessBase"]
[SourceQuality "1"]
[TimeControl "5400+30"]

1. e4 {[%emt 0:01:00]} e5 {[%emt 0:01:00]} 2. f4 {[%emt 0:00:30]} exf4 {[%emt 0:01:30]} 3. Nf3 {[%emt 0:00:30]} Nf6 {[%emt 0:00:00]} 4. Bc4 {[%emt 0:00:30]} d5 {[%emt 0:08:00]} 5. exd5 {[%emt 0:01:30]} Nxd5 {[%emt 0:00:30]} 6. O-O {[%emt 0:00:30]} Be6 {[%emt 0:02:30]} 7. Qe2 {[%emt 0:03:30]} Be7 {[%emt 0:00:30]} 8. d4 {[%emt 0:00:30]} O-O {[%emt 0:01:30]} 9. Bd3 {[%emt 0:00:30]} Bf6 {[%emt 0:05:30]} 10. c4 {[%emt 0:02:30]} Nb4 {[%emt 0:03:30]} 11. d5 {[%emt 0:01:30]} Nxd3 {[%emt 0:01:30]} 12. dxe6 {[%emt 0:01:30]} Nxc1 {[%emt 0:01:30]} 13. exf7+ {[%emt 0:00:30]} Rxf7 {[%emt 0:00:30]} 14. Rxc1 {[%emt 0:00:30]} Nc6 {[%emt 0:02:30]} 15. Nc3 {[%emt 0:01:30]} Nd4 {[%emt 0:06:30]} 16. Qe4 {[%emt 0:02:30]} Nxf3+ {[%emt 0:01:30]} 17. Qxf3 {[%emt 0:02:30]} c6 {[%emt 0:00:30]} 18. Rd1 {[%emt 0:02:30]} Qb6+ {[%emt 0:03:30]} 19. Kh1 {[%emt 0:04:30]} Qxb2 {[%emt 0:00:30]} 20. Ne4 {[%emt 0:00:00]} Qxa1 {[%emt 0:00:30]} 21. Rxa1 {[%emt 0:00:00]} Bxa1 {[%emt 0:00:30]} 22. h3 {[%emt 0:00:30]} Re7 {[%emt 0:03:30]} 23. Nd6 {[%emt 0:01:30]} Re1+ {[%emt 0:00:30]} 24. Kh2 {[%emt 0:00:30]} Bd4 {[%emt 0:00:30]} 25. h4 {[%emt 0:00:00]} Bg1+ {[%emt 0:00:30]} 26. Kh3 {[%emt 0:00:00]} Re3 {[%emt 0:00:00]} 0-1

[Event "Turkish Cup 2022"]
[Site "Sakarya"]
[Date "2022.03.25"]
[Round "1.30"]
[White "Yavuz, Efe Metehan"]
[Black "Gargili, Kemal"]
[Result "1-0"]
[WhiteElo "2054"]
[BlackElo "1348"]
[Annotator "NA"]
[PlyCount "109"]
[EventDate "2022.03.25"]
[EventType "swiss"]
[EventCountry "TUR"]
[SourceTitle "playchess.com"]
[Source "ChessBase"]
[SourceQuality "1"]
[TimeControl "5400+30"]

1. b3 {[%emt 0:01:00]} d5 {[%emt 0:01:00]} 2. Bb2 {[%emt 0:00:00]} e6 {[%emt 0:00:30]} 3. Nf3 {[%emt 0:00:00]} Nf6 {[%emt 0:01:30]} 4. e3 {[%emt 0:00:30]} Be7 {[%emt 0:01:30]} 5. c4 {[%emt 0:00:30]} O-O {[%emt 0:01:30]} 6. Be2 {[%emt 0:01:30]} b6 {[%emt 0:03:30]} 7. O-O {[%emt 0:01:30]} Bb7 {[%emt 0:01:30]} 8. Nc3 {[%emt 0:02:30]} Nbd7 {[%emt 0:05:30]} 9. d4 {[%emt 0:12:30]} c5 {[%emt 0:04:30]} 10. cxd5 {[%emt 0:06:30]} Nxd5 {[%emt 0:00:00]} 11. Nxd5 {[%emt 0:00:30]} Bxd5 {[%emt 0:00:00]} 12. Rc1 {[%emt 0:00:30]} Bf6 {[%emt 0:01:30]} 13. Ba3 {[%emt 0:02:30]} Be7 {[%emt 0:07:30]} 14. Bb2 {[%emt 0:16:30]} Bf6 {[%emt 0:13:30]} 15. Qd2 {[%emt 0:09:30]} Bb7 {[%emt 0:10:30]} 16. Rfd1 {[%emt 0:03:30]} Rc8 {[%emt 0:07:30]} 17. Ba3 {[%emt 0:07:30]} Be7 {[%emt 0:05:30]} 18. dxc5 {[%emt 0:02:30]} Nxc5 {[%emt 0:00:30]} 19. Qe1 {[%emt 0:03:30]} Qe8 {[%emt 0:00:30]} 20. Bb2 {[%emt 0:05:30]} Ne4 {[%emt 0:06:30]} 21. Nd4 {[%emt 0:01:30]} Rxc1 {[%emt 0:03:30]} 22. Rxc1 {[%emt 0:00:30]} Qb8 {[%emt 0:00:30]} 23. Nc6 {[%emt 0:00:30]} Bxc6 {[%emt 0:03:30]} 24. Rxc6 {[%emt 0:00:30]} Qb7 {[%emt 0:00:00]} 25. Rc2 {[%emt 0:01:30]} Nd6 {[%emt 0:01:00]} 26. Qa1 {[%emt 0:02:59]} Rc8 {[%emt 0:06:27]} 27. Rxc8+ {[%emt 0:02:03]} Qxc8 {[%emt 0:00:07]} 28. Bxg7 {[%emt 0:01:15]} Qc2 {[%emt 0:00:30]} 29. Qb2 {[%emt 0:01:26]} Qxb2 {[%emt 0:04:47]} 30. Bxb2 {[%emt 0:00:30]} f5 {[%emt 0:00:00]} 31. Be5 {[%emt 0:02:53]} Kf7 {[%emt 0:00:05]} 32. f3 {[%emt 0:00:52]} Ne8 {[%emt 0:00:51]} 33. Kf2 {[%emt 0:03:20]} Nf6 {[%emt 0:00:27]} 34. Bc4 {[%emt 0:01:42]} Nd7 {[%emt 0:00:31]} 35. Bg3 {[%emt 0:00:39]} Bf6 {[%emt 0:05:07]} 36. Bb5 {[%emt 0:01:07]} Ke7 {[%emt 0:01:47]} 37. Ke2 {[%emt 0:00:07]} Ne5 {[%emt 0:01:06]} 38. Be1 {[%emt 0:00:50]} a5 {[%emt 0:00:45]} 39. h3 {[%emt 0:00:16]} Nd7 {[%emt 0:00:45]} 40. g4 {[%emt 0:00:56]} h6 {[%emt 0:01:40]} 41. Bg3 {[%emt 0:01:22]} Be5 {[%emt 0:01:28]} 42. Bh4+ {[%emt 0:00:16]} Bf6 {[%emt 0:00:00]} 43. Bg3 {[%emt 0:01:02]} Be5 {[%emt 0:00:21]} 44. Bf2 {[%emt 0:00:00]} Bc7 {[%emt 0:02:01]} 45. Bh4+ {[%emt 0:00:17]} Nf6 {[%emt 0:00:00]} 46. Bc4 {[%emt 0:00:15]} Be5 {[%emt 0:00:03]} 47. f4 {[%emt 0:00:55]} Bc3 {[%emt 0:00:04]} 48. Kd3 {[%emt 0:00:32]} Bb4 {[%emt 0:00:02]} 49. Kc2 {[%emt 0:02:16]} Bc5 {[%emt 0:00:12]} 50. g5 {[%emt 0:00:23]} hxg5 {[%emt 0:00:30]} 51. fxg5 {[%emt 0:00:00]} Nh5 {[%emt 0:01:13]} 52. g6+ {[%emt 0:00:08]} Kd6 {[%emt 0:00:19]} 53. Bg5 {[%emt 0:01:21]} f4 {[%emt 0:02:16]} 54. Bxf4+ {[%emt 0:01:07]} Nxf4 {[%emt 0:00:28]} 55. g7 1-0